Science-7 (Record no. 2614)

MARC details
000 -LEADER
fixed length control field 00203nam a22000857a 4500
008 - FIXED-LENGTH DATA ELEMENTS--GENERAL INFORMATION
fixed length control field 160719b xxu||||| |||| 00| 0 eng d
100 ## - MAIN ENTRY--PERSONAL NAME
9 (RLIN) 3051
Personal name Jain S.K
245 ## - TITLE STATEMENT
Title Science-7
260 ## - PUBLICATION, DISTRIBUTION, ETC. (IMPRINT)
Place of publication, distribution, etc. New Delhi
Name of publisher, distributor, etc. Prachi
Date of publication, distribution, etc. 2013
Holdings
Withdrawn status Lost status Source of classification or shelving scheme Damaged status Not for loan Home library Current library Shelving location Date acquired Total Checkouts Total Renewals Full call number Barcode Date last seen Date last checked out Price effective from Koha item type
    Dewey Decimal Classification     Good Samaritan School Library Good Samaritan School Library   07/19/2016 8 1 500 JAI12733 08/19/2025 07/29/2025 07/19/2016 BOOK

Powered by Koha